00489nam a2200193 a 4500001001300000003000900013005001700022008004100039020000900080082001700089100001600106245004700122260003100169300000900200500003500209505001400244650002100258700001600279nice12345678IN_TiNIC20260116012910.0050524s1985 dela grp 000 0 eng  ac3000a297.175bQUT aQutub, Mohd aIslam and the Modern Materialistic Thought aDelhibHindustan Pubc1985 a336p aincludes index and biblioraphy2 aReference aIslam-Psychology1 aQutub, Mohd